Pintura popular (Record no. 9650)

MARC details
000 -CABECERA
campo de control de longitud fija 00914nam a2200265 a 4500
001 - NÚMERO DE CONTROL
campo de control BRL_838
005 - FECHA Y HORA DE LA ÚLTIMA TRANSACCIÓN
campo de control 20190320210923.0
008 - DATOS DE LONGITUD FIJA--INFORMACIÓN GENERAL
campo de control de longitud fija 151013s1971----mx-a######---#000-0#spa-#
041 ## - CÓDIGO DE LENGUA
Código de lengua del texto/banda sonora o título independiente spa
044 ## - CÓDIGO DEL PAÍS DE LA ENTIDAD EDITORA/PRODUCTORA
Código MARC del país mx
050 #4 - SIGNATURA TOPOGRÁFICA DE LA BIBLIOTECA DEL CONGRESO
Número de clasificación ND254
Número de documento/Ítem .E73 1971
245 10 - MENCIÓN DE TÍTULO
Título Pintura popular
Resto del título Escenas mexicanas del siglo XIX
Mención de responsabilidad, etc. Introducción por Antonio Arriaga Ochoa ; Fotografías por Héctor Herrera.
260 ## - PUBLICACIÓN, DISTRIBUCIÓN, ETC.
Lugar de publicación, distribución, etc. México
Nombre del editor, distribuidor, etc. Octavio Colmenares
Fecha de publicación, distribución, etc. 1971
300 ## - DESCRIPCIÓN FÍSICA
Extensión xl p.
Otras características físicas il., [16]láminas
Dimensiones 35 cm.
500 ## - NOTA GENERAL
Nota general Au626
500 ## - NOTA GENERAL
Nota general Texto en: espanol, ingles y frances
500 ## - NOTA GENERAL
Nota general Colección del Museo Nacional de Historia. Castillo de Chapultepec
650 14 - PUNTO DE ACCESO ADICIONAL DE MATERIA--TÉRMINO DE MATERIA
Término de materia o nombre geográfico como elemento de entrada Pintura mexicana
Subdivisión de forma Catálogos
9 (RLIN) 3411
650 14 - PUNTO DE ACCESO ADICIONAL DE MATERIA--TÉRMINO DE MATERIA
Término de materia o nombre geográfico como elemento de entrada Pintura
Subdivisión de forma Catálogos
Subdivisión geográfica Ciudad de México
9 (RLIN) 25096
651 #4 - PUNTO DE ACCESO ADICIONAL DE MATERIA--NOMBRE GEOGRÁFICO
Nombre geográfico México
Subdivisión general En el arte
9 (RLIN) 5715
700 1# - PUNTO DE ACCESO ADICIONAL--NOMBRE DE PERSONA
Nombre de persona Arriaga Ochoa, Antonio
9 (RLIN) 25097
700 1# - PUNTO DE ACCESO ADICIONAL--NOMBRE DE PERSONA
Nombre de persona Herrera, Héctor
Término indicativo de función/relación il.
9 (RLIN) 25098
902 ## - CATALOGADOR
Iniciales GRL
942 ## - ELEMENTOS DE PUNTO DE ACCESO ADICIONAL (KOHA)
Fuente del sistema de clasificación o colocación Library of Congress Classification
Tipo de ítem Koha Libros
Holdings
Estado de retiro Estado de pérdida Estado dañado No para préstamo Localización permanente Ubicación/localización actual Fecha de adquisición Número de inventario Total de préstamos Signatura topográfica completa Código de barras Fecha visto por última vez Precio válido a partir de Tipo de ítem Koha
El ejemplar forma parte de la colección y puede ser consultado según las políticas vigentes.       Biblioteca Centro de Estudios Ruth D. Lechuga Biblioteca Centro de Estudios Ruth D. Lechuga 15/10/2013 Au626   ND254 .E73 1971 (Au626) GRL00907 22/03/2019 22/03/2019 Libros